| 000 | 00322nam a22001097a 4500 | ||
|---|---|---|---|
| 008 | 230623b xxu||||| |||| 00| 0 eng d | ||
| 082 |
_a330. _bHMSO 1961 |
||
| 245 |
_aReport of the Economic and Fiscal Commission _bEast Africa |
||
| 260 |
_aLondon _bHer Majesty's Stationery Office _c1961 |
||
| 300 | _aIV,83p | ||
| 942 |
_2ddc _cBK |
||
| 999 |
_c2498 _d2498 |
||